[Event "CAN op"]
[Site "Hamilton CAN"]
[Date "2022.07.16"]
[Round "8.7"]
[White "Ortiz Suarez, Isan Reynaldo"]
[Black "Gavrilin, Roman"]
[Result "1-0"]
[WhiteElo "2526"]
[BlackElo "2235"]
[PlyCount "67"]
[EventDate "2022.07.12"]
[EventType "swiss"]
[EventRounds "9"]
[EventCountry "CAN"]

1. e4 c5 2. Nf3 d6 3. d4 cxd4 4. Nxd4 Nf6 5. Nc3 a6 6. Bg5 Nbd7 7. Bc4 e6 8. f4
b5 9. Bxe6 fxe6 10. Nxe6 Qb6 11. Nd5 Nxd5 12. Qxd5 Qe3+ 13. Kf1 Nb6 14. Nc7+
Kd7 15. Qf7+ Kc6 16. Nxa8 Nxa8 17. Qd5+ Kc7 18. Qxa8 Bh3 19. e5 Be6 20. b3 d5
21. f5 Qxg5 22. Qa7+ Kc8 23. fxe6 Be7 24. h4 Qxe5 25. Rd1 Rf8+ 26. Kg1 d4 27.
Qxa6+ Kb8 28. Rh3 Qe2 29. Qb6+ Ka8 30. Qxd4 Rd8 31. Qxd8+ Bxd8 32. Rxd8+ Kb7
33. Rd7+ Kc6 34. Rxg7 1-0

[Event "CAN op"]
[Site "Hamilton CAN"]
[Date "2022.07.16"]
[Round "8.8"]
[White "Mikhalevski, Victor"]
[Black "Moura, Eduardo"]
[Result "1-0"]
[WhiteElo "2629"]
[BlackElo "2194"]
[PlyCount "79"]
[EventDate "2022.07.12"]
[EventType "swiss"]
[EventRounds "9"]
[EventCountry "CAN"]

1. d4 c5 2. d5 Nf6 3. Nc3 d6 4. e4 g6 5. Bb5+ Bd7 6. a4 Bg7 7. Nf3 O-O 8. h3
Na6 9. O-O Nc7 10. Bc4 a6 11. e5 dxe5 12. Nxe5 Rb8 13. Bf4 b5 14. axb5 axb5 15.
Nxd7 Nxd7 16. Bxc7 Qxc7 17. Nxb5 Qf4 18. Be2 Bxb2 19. Ra7 Rfd8 20. g3 Qf6 21.
c4 Nb6 22. Qc2 Ra8 23. Rb1 Rxa7 24. Nxa7 Bd4 25. Bf1 Ra8 26. Nc6 Nd7 27. Qe2
Ra3 28. Kg2 Ne5 29. Nxd4 cxd4 30. c5 d3 31. Qe4 g5 32. c6 Ra2 33. Qe3 Nc4 34.
Qc5 Nd2 35. c7 Ne4 36. c8=Q+ Kg7 37. Qe3 Rxf2+ 38. Kg1 Rf3 39. Qxe4 Rxg3+ 40.
Bg2 1-0

[Event "CAN op"]
[Site "Hamilton CAN"]
[Date "2022.07.16"]
[Round "8.9"]
[White "Joseph Benher, Savio"]
[Black "Sambuev, Bator"]
[Result "0-1"]
[WhiteElo "2213"]
[BlackElo "2568"]
[PlyCount "102"]
[EventDate "2022.07.12"]
[EventType "swiss"]
[EventRounds "9"]
[EventCountry "CAN"]

1. e4 e6 2. d4 d5 3. Nc3 Bb4 4. e5 b6 5. a3 Bf8 6. Bb5+ c6 7. Ba4 Ne7 8. Nce2
Ba6 9. c3 Ng6 10. Nf3 Nh4 11. Nxh4 Qxh4 12. O-O g6 13. Be3 Qd8 14. f4 h5 15.
Rf2 Be7 16. g3 Kd7 17. Rc1 Kc7 18. Bc2 Kb7 19. a4 Qd7 20. b3 Bxe2 21. Qxe2 Rc8
22. Bd3 c5 23. a5 bxa5 24. Ra1 Qd8 25. Rff1 Qb6 26. c4 cxd4 27. Bd2 Nc6 28.
cxd5 exd5 29. f5 Rc7 30. f6 Bb4 31. Bf4 Re8 32. e6 Rxe6 33. Ba6+ Qxa6 34. Qxa6+
Kxa6 35. Bxc7 Kb5 36. Rad1 Bc3 37. Rf4 Nb4 38. Bd8 d3 39. Be7 d2 40. Rf3 Re1+
41. Rf1 Nc2 42. Kf2 Ne3 43. Rfxe1 dxe1=Q+ 44. Rxe1 Ng4+ 45. Ke2 Bxe1 46. Kxe1
Nxh2 47. Ke2 Kc6 48. Kd3 Nf1 49. g4 hxg4 50. Ke2 Ng3+ 51. Ke3 Ne4 0-1

[Event "CAN op"]
[Site "Hamilton CAN"]
[Date "2022.07.16"]
[Round "8.10"]
[White "Han, Johnathan"]
[Black "Samsonkin, Artiom"]
[Result "0-1"]
[WhiteElo "2232"]
[BlackElo "2539"]
[PlyCount "80"]
[EventDate "2022.07.12"]
[EventType "swiss"]
[EventRounds "9"]
[EventCountry "CAN"]

1. e4 c5 2. Nf3 d6 3. d4 cxd4 4. Nxd4 Nf6 5. Nc3 a6 6. Bg5 Nbd7 7. Qe2 h6 8.
Bh4 g6 9. f4 e5 10. fxe5 dxe5 11. O-O-O Qc7 12. Nb3 b5 13. Nd5 Nxd5 14. exd5
Bd6 15. Qd2 f5 16. Be2 Kf7 17. Kb1 a5 18. Bxb5 a4 19. Nc1 Nc5 20. c4 f4 21. a3
Bf5+ 22. Ka2 Rhb8 23. Qe2 Qc8 24. h3 g5 25. Be1 Bg6 26. Qg4 Bf5 27. Qh5+ Kg7
28. Qe2 Ne4 29. Bc6 Ra6 30. Nd3 Rab6 31. Nb4 Kf6 32. Rc1 Nc5 33. Bf2 Rxb4 34.
axb4 Rxb4 35. Be1 Rb3 36. Bb5 a3 37. bxa3 Qa8 38. a4 Rxb5 39. cxb5 Qxa4+ 40.
Kb2 Qb3+ 0-1

[Event "CAN op"]
[Site "Hamilton CAN"]
[Date "2022.07.16"]
[Round "8.11"]
[White "Malakhovets, Sergey"]
[Black "Fedorowicz, John"]
[Result "1/2-1/2"]
[WhiteElo "2204"]
[BlackElo "2495"]
[PlyCount "89"]
[EventDate "2022.07.12"]
[EventType "swiss"]
[EventRounds "9"]
[EventCountry "CAN"]

1. d4 Nf6 2. Nf3 e6 3. Bf4 c5 4. e3 cxd4 5. exd4 b6 6. Bd3 Bb7 7. h3 Be7 8. O-O
O-O 9. Re1 d6 10. a4 a6 11. Bh2 Re8 12. Nbd2 Nbd7 13. c3 Bf8 14. Qb3 Qc7 15.
Rad1 Bd5 16. Bc4 Bxc4 17. Nxc4 Qc6 18. Ne3 Qb7 19. Nc4 Qc6 20. Ne3 Rac8 21. d5
exd5 22. Nxd5 Rxe1+ 23. Nxe1 Nxd5 24. Qxd5 Qxa4 25. Bxd6 Nf6 26. Qd4 Qxd4 27.
Rxd4 Rd8 28. Be5 Rxd4 29. Bxd4 Nd7 30. Nd3 b5 31. Kf1 f6 32. h4 f5 33. Ke2 Bd6
34. Ke3 Kf7 35. Nb4 Bxb4 36. cxb4 Nb8 37. g4 g6 38. gxf5 gxf5 39. Kd3 Ke6 40.
Bc3 Kd5 41. Bd2 Nc6 42. Bc3 Ne7 43. b3 Nc6 44. Ke3 Ne7 45. Bd2 1/2-1/2

[Event "CAN op"]
[Site "Hamilton CAN"]
[Date "2022.07.16"]
[Round "8.12"]
[White "Rosenberg, Evan"]
[Black "Talukdar, Rohan"]
[Result "1/2-1/2"]
[WhiteElo "2205"]
[BlackElo "2457"]
[PlyCount "74"]
[EventDate "2022.07.12"]
[EventType "swiss"]
[EventRounds "9"]
[EventCountry "CAN"]

1. e4 e6 2. d4 d5 3. e5 c5 4. c3 Nc6 5. Nf3 f6 6. Bd3 fxe5 7. dxe5 Qc7 8. O-O
Nge7 9. Re1 Bd7 10. c4 dxc4 11. Bxc4 Nf5 12. Nc3 Ncd4 13. Ng5 Be7 14. Qh5+ g6
15. Qd1 O-O 16. a4 a6 17. Qg4 Bxg5 18. Bxg5 Nc2 19. Bf6 Nxa1 20. Rxa1 b5 21.
Bd3 Bc6 22. h4 Rxf6 23. exf6 Rf8 24. axb5 axb5 25. Nxb5 Bxb5 26. Bxb5 Qe5 27.
Bc4 Rxf6 28. Ra8+ Kg7 29. Ra7+ Rf7 30. Rxf7+ Kxf7 31. b3 Qe1+ 32. Bf1 Qc3 33.
Qa4 Kf6 34. Qe8 Kg7 35. Qxe6 Qd4 36. h5 Kh6 37. hxg6 hxg6 1/2-1/2

[Event "CAN op"]
[Site "Hamilton CAN"]
[Date "2022.07.16"]
[Round "8.13"]
[White "Xu, Daniel"]
[Black "Vera, Reynaldo"]
[Result "1-0"]
[WhiteElo "2128"]
[BlackElo "2445"]
[PlyCount "95"]
[EventDate "2022.07.12"]
[EventType "swiss"]
[EventRounds "9"]
[EventCountry "CAN"]

1. e4 c5 2. Nf3 d6 3. d4 Nf6 4. Nc3 cxd4 5. Nxd4 a6 6. f3 e5 7. Nb3 Be6 8. Be3
Be7 9. Qd2 O-O 10. O-O-O a5 11. Bb5 Qc7 12. g4 Rc8 13. Qf2 Nc6 14. a4 Nb4 15.
Kb1 d5 16. Bb6 Qb8 17. g5 d4 18. gxf6 Bxb3 19. cxb3 Bxf6 20. Bc4 Qd6 21. Bxd4
exd4 22. Nb5 Qd7 23. f4 Rxc4 24. bxc4 Qe6 25. Rxd4 Bxd4 26. Qxd4 Re8 27. Nc3 g6
28. h4 Qg4 29. Qe3 Qg2 30. Rc1 Qg4 31. Nd5 Qxh4 32. e5 Re6 33. Qe4 Qh3 34. Nf6+
Kf8 35. Rd1 Nc6 36. Rh1 Qb3 37. Nxh7+ Ke7 38. Ng5 Qxa4 39. Nxe6 Nb4 40. Qxb7+
Kxe6 41. Qc8+ Ke7 42. Qc5+ Ke6 43. f5+ Kxf5 44. Rf1+ Ke4 45. Re1+ Kf4 46. Qf2+
Kg5 47. Qf6+ Kg4 48. Rg1+ 1-0

[Event "CAN op"]
[Site "Hamilton CAN"]
[Date "2022.07.16"]
[Round "8.14"]
[White "Hua, Eugene"]
[Black "Lin, Leo"]
[Result "1-0"]
[WhiteElo "2392"]
[BlackElo "2189"]
[PlyCount "93"]
[EventDate "2022.07.12"]
[EventType "swiss"]
[EventRounds "9"]
[EventCountry "CAN"]

1. c4 Nf6 2. g3 c6 3. Bg2 d5 4. Nf3 Bf5 5. O-O e6 6. b3 Nbd7 7. Bb2 Bd6 8. d3
O-O 9. Nbd2 Qe7 10. a3 a5 11. Re1 e5 12. cxd5 cxd5 13. e4 dxe4 14. dxe4 Be6 15.
Ng5 Nc5 16. Nxe6 Qxe6 17. Bf1 Rfd8 18. Qf3 Bc7 19. Rad1 Qc6 20. a4 Nfxe4 21.
Nxe4 Rxd1 22. Qxd1 Nxe4 23. Bb5 Nxf2 24. Bxc6 Nxd1 25. Bxb7 Rd8 26. Bxe5 Bb6+
27. Kg2 Ne3+ 28. Kf3 Rd3 29. Ke2 Rxb3 30. Rc1 f6 31. Bf4 g5 32. Bc7 Ba7 33. Bc6
Rb2+ 34. Kd3 Rb3+ 35. Rc3 Rxc3+ 36. Kxc3 Nf1 37. Bxa5 Nxh2 38. Bd8 Ng4 39. Kc4
Ne5+ 40. Kb5 Nxc6 41. Kxc6 Bf2 42. a5 h5 43. Bb6 Bxg3 44. a6 Bb8 45. Kb7 h4 46.
Kxb8 h3 47. Bg1 1-0

[Event "CAN op"]
[Site "Hamilton CAN"]
[Date "2022.07.16"]
[Round "8.15"]
[White "Mendes, Aaron Reeve"]
[Black "Rek, Slava"]
[Result "1/2-1/2"]
[WhiteElo "2106"]
[BlackElo "2331"]
[PlyCount "88"]
[EventDate "2022.07.12"]
[EventType "swiss"]
[EventRounds "9"]
[EventCountry "CAN"]

1. e4 g6 2. d4 Bg7 3. Nf3 d6 4. h3 Nf6 5. Bd3 O-O 6. O-O Nbd7 7. Re1 e5 8. c3
Re8 9. Nbd2 c6 10. Nc4 Qc7 11. Bc2 Bf8 12. a4 b6 13. Bd3 Bb7 14. Bg5 a6 15. b3
b5 16. Nb2 h6 17. Bh4 Nh5 18. Qd2 Kh7 19. Qd1 Be7 20. Bxe7 Rxe7 21. g3 Rae8 22.
Kh2 Nhf6 23. Qc2 Qb6 24. Re2 Kg7 25. Rae1 Bc8 26. Re3 Nf8 27. b4 Qc7 28. a5 Qd7
29. Ng1 exd4 30. cxd4 Ne6 31. Nf3 Ng5 32. Nxg5 hxg5 33. g4 Nh7 34. Qc3 f6 35.
Kg2 Nf8 36. e5 dxe5 37. dxe5 Qd5+ 38. Be4 Qxe5 39. Qxe5 Rxe5 40. Nd3 R5e7 41.
Bxc6 Rxe3 42. Rxe3 Re6 43. Bf3 Rxe3 44. fxe3 Nd7 1/2-1/2

[Event "CAN op"]
[Site "Hamilton CAN"]
[Date "2022.07.16"]
[Round "8.16"]
[White "Song, Terry"]
[Black "Russell, Wesley"]
[Result "1-0"]
[WhiteElo "2218"]
[BlackElo "1287"]
[PlyCount "81"]
[EventDate "2022.07.12"]
[EventType "swiss"]
[EventRounds "9"]
[EventCountry "CAN"]

1. d4 d5 2. Nc3 Bf5 3. Bf4 c6 4. f3 Nf6 5. g4 Bg6 6. h4 h6 7. e3 e6 8. Nge2 Bd6
9. Qd2 Qc7 10. O-O-O Nbd7 11. Bxd6 Qxd6 12. Nf4 Nf8 13. Nxg6 Nxg6 14. Bd3 O-O-O
15. g5 Nd7 16. f4 Ne7 17. h5 Nf5 18. Rdg1 Rdg8 19. Ne2 c5 20. Bxf5 exf5 21. Ng3
Qe6 22. dxc5 Kb8 23. Qd4 Rc8 24. Kb1 Nxc5 25. Qxg7 Rcg8 26. Qf6 Ne4 27. Qxe6
fxe6 28. Nxe4 fxe4 29. g6 Rg7 30. c4 Kc7 31. Rd1 Kc6 32. f5 exf5 33. Rxd5 Rf8
34. Rf1 f4 35. Rxf4 Rxf4 36. exf4 e3 37. Re5 Kd6 38. Rxe3 Rg8 39. f5 Rf8 40. g7
Rg8 41. f6 1-0

[Event "CAN op"]
[Site "Hamilton CAN"]
[Date "2022.07.16"]
[Round "8.17"]
[White "Chen, Max"]
[Black "Li, Eric"]
[Result "1-0"]
[WhiteElo "2299"]
[BlackElo "2165"]
[PlyCount "83"]
[EventDate "2022.07.12"]
[EventType "swiss"]
[EventRounds "9"]
[EventCountry "CAN"]

1. e4 c5 2. c3 Nf6 3. e5 Nd5 4. d4 cxd4 5. Nf3 Nc6 6. cxd4 d6 7. Bc4 Nb6 8. Bb5
Bd7 9. Nc3 dxe5 10. d5 Nd4 11. Bxd7+ Nxd7 12. Nxd4 exd4 13. Qxd4 Qb6 14. Qa4 e5
15. O-O Bc5 16. Ne4 Rd8 17. Nxc5 Qxc5 18. Rd1 b5 19. Qg4 Qc2 20. Be3 O-O 21.
Rd2 Qg6 22. Qxg6 hxg6 23. Bxa7 Nf6 24. d6 Rd7 25. Bc5 Ne4 26. Rd5 Nxc5 27. Rxc5
Rb8 28. Rd1 Rb6 29. Rxe5 Rbxd6 30. Rxd6 Rxd6 31. Kf1 b4 32. Rb5 Ra6 33. Rxb4
Rxa2 34. Rb8+ Kh7 35. h4 f6 36. Ke2 Ra5 37. g3 Ra1 38. Rc8 Rb1 39. Rc2 Kh6 40.
Kd3 Kh5 41. Kc3 Kg4 42. b4 1-0

[Event "CAN op"]
[Site "Hamilton CAN"]
[Date "2022.07.16"]
[Round "8.19"]
[White "Song, Edward"]
[Black "Demchenko, Kyrylo"]
[Result "1-0"]
[WhiteElo "2474"]
[BlackElo "2109"]
[PlyCount "93"]
[EventDate "2022.07.12"]
[EventType "swiss"]
[EventRounds "9"]
[EventCountry "CAN"]

1. e4 e5 2. Nf3 Nc6 3. Bb5 a6 4. Ba4 Nf6 5. O-O Be7 6. Re1 b5 7. Bb3 d6 8. c3
O-O 9. h3 Na5 10. Bc2 c5 11. d4 Qc7 12. d5 Nc4 13. b3 Nb6 14. a4 Bb7 15. Qe2
bxa4 16. bxa4 Rfb8 17. Na3 Bc8 18. a5 Nbd7 19. Nc4 Ra7 20. Nfd2 Nf8 21. Nb6 Ng6
22. Ndc4 Bd7 23. Ba4 Bb5 24. Qa2 Qd8 25. Nb2 Nd7 26. c4 Nxb6 27. axb6 Qxb6 28.
Bxb5 Qd8 29. Bc6 Bg5 30. Nd3 Nh4 31. Qe2 Rb3 32. g3 Ng6 33. Qc2 Rb6 34. Bxg5
Qxg5 35. Reb1 Rxb1+ 36. Qxb1 Qd8 37. Ra2 h6 38. Rb2 Qg5 39. Rb8+ Kh7 40. Qd1 f5
41. exf5 Qxf5 42. Be8 Ne7 43. h4 e4 44. Nf4 g6 45. h5 Qe5 46. hxg6+ Kg7 47.
Nh5+ 1-0

[Event "CAN op"]
[Site "Hamilton CAN"]
[Date "2022.07.16"]
[Round "8.20"]
[White "Zhang, Yuanchen"]
[Black "Sharma, Vishruth"]
[Result "1/2-1/2"]
[WhiteElo "2464"]
[BlackElo "2106"]
[PlyCount "138"]
[EventDate "2022.07.12"]
[EventType "swiss"]
[EventRounds "9"]
[EventCountry "CAN"]

1. d4 Nf6 2. c4 d6 3. Nc3 Nbd7 4. e4 e5 5. d5 Nc5 6. f3 a5 7. Be3 Be7 8. Qd2
O-O 9. Nge2 Ne8 10. g4 h6 11. Ng3 Bg5 12. Nf5 Bxe3 13. Nxe3 Qh4+ 14. Qf2 Qxf2+
15. Kxf2 a4 16. h4 g6 17. h5 Kg7 18. Be2 Bd7 19. Ke1 Nf6 20. Kd2 gxh5 21. Nf5+
Bxf5 22. gxf5 Kh7 23. Ke3 Rg8 24. Nb5 Na6 25. Kf2 Rg5 26. Rh2 Rag8 27. Rah1 Kg7
28. Bd1 Nc5 29. Nxc7 Kf8 30. Nb5 Ke7 31. Nc3 a3 32. bxa3 Nd3+ 33. Ke3 Nf4 34.
Ne2 Ng2+ 35. Kf2 h4 36. Rg1 Nf4 37. Rxg5 hxg5 38. Nc3 Ra8 39. Nb5 Nd7 40. Kg1
Nc5 41. Rb2 Ra6 42. Kh2 Kf6 43. Rf2 g4 44. fxg4 Nxe4 45. Rf3 Kg5 46. Kg1 h3 47.
Kh2 Kh4 48. Re3 Nf2 49. Re1 Nxg4+ 50. Bxg4 Kxg4 51. c5 Ra5 52. Rg1+ Kh4 53.
Nxd6 Rxc5 54. f6 Rc2+ 55. Kh1 Rg2 56. Nxf7 Rxg1+ 57. Kxg1 Nxd5 58. Nxe5 Nxf6
59. Kh2 b5 60. Nf3+ Kg4 61. Ng1 Ne4 62. Nxh3 Nc3 63. Kg2 Nxa2 64. Nf2+ Kf4 65.
Nd3+ Ke3 66. Ne5 Nc3 67. Nc6 Nb1 68. Na7 Nxa3 69. Nxb5 Nxb5 1/2-1/2

[Event "CAN op"]
[Site "Hamilton CAN"]
[Date "2022.07.16"]
[Round "8.21"]
[White "Ouellet, Maili-Jade"]
[Black "Leonard, Anthony"]
[Result "1-0"]
[WhiteElo "2361"]
[BlackElo "2097"]
[PlyCount "79"]
[EventDate "2022.07.12"]
[EventType "swiss"]
[EventRounds "9"]
[EventCountry "CAN"]

1. d4 d5 2. c4 c6 3. Nc3 Nf6 4. Nf3 e6 5. Bg5 dxc4 6. e4 b5 7. e5 h6 8. Bh4 g5
9. Nxg5 hxg5 10. Bxg5 Nbd7 11. g3 Bb7 12. Bg2 Qb6 13. exf6 O-O-O 14. O-O c5 15.
d5 b4 16. Na4 Qa6 17. a3 Bxd5 18. Bxd5 Ne5 19. axb4 Rxd5 20. Qe2 cxb4 21. Nc3
Qd6 22. Nxd5 Qxd5 23. f3 Nd3 24. Be3 Bc5 25. Bxc5 Qxc5+ 26. Kg2 Rd8 27. Qe4 Rd5
28. Ra6 Kb7 29. Rfa1 Nxb2 30. R6a5 Qd4 31. Rb5+ Kc6 32. Qxd4 Rxd4 33. Rxb4 Rd2+
34. Kh3 c3 35. Rb3 Rd3 36. Ra6+ Kd5 37. Rb5+ Kd4 38. Rb4+ Ke3 39. Rxa7 c2 40.
Rc7 1-0

[Event "CAN op"]
[Site "Hamilton CAN"]
[Date "2022.07.16"]
[Round "8.23"]
[White "Bui, Alan"]
[Black "Zomorrodian, Eilia"]
[Result "1/2-1/2"]
[WhiteElo "2097"]
[BlackElo "2263"]
[PlyCount "140"]
[EventDate "2022.07.12"]
[EventType "swiss"]
[EventRounds "9"]
[EventCountry "CAN"]

1. d4 Nf6 2. Nf3 g6 3. c4 Bg7 4. Nc3 O-O 5. e4 d6 6. h3 c5 7. d5 e6 8. Bd3 exd5
9. exd5 Re8+ 10. Be3 Rxe3+ 11. fxe3 Qe7 12. O-O Nh5 13. Qe1 Nd7 14. g4 Nhf6 15.
Qf2 Ne5 16. Nxe5 Qxe5 17. Qf4 Qe7 18. Ne4 Nxe4 19. Qxe4 Be5 20. Rf2 Qh4 21. Qf3
f6 22. Rb1 a5 23. a4 Bd7 24. b3 Re8 25. Rg2 Bc3 26. e4 Be5 27. Kf1 Kg7 28. Ke2
Rh8 29. Rbg1 h5 30. gxh5 g5 31. Rg4 Qxh5 32. h4 Bxg4 33. Rxg4 Qg6 34. Qf5 Rxh4
35. Qxg6+ Kxg6 36. Rxh4 gxh4 37. Kf2 h3 38. Bf1 h2 39. Bg2 Kg5 40. Kf3 Bd4 41.
Kg3 Be5+ 42. Kf3 Kh5 43. Bh1 Kh4 44. Bg2 Bd4 45. Kf4 Be5+ 46. Kf3 Kg5 47. Bh1
f5 48. exf5 Kxf5 49. Bg2 Kg5 50. Bh1 Kh5 51. Bg2 Kh4 52. Bh1 Kg5 53. Bg2 Bf4
54. Kf2 Kg4 55. Be4 Be5 56. Kg2 Kf4 57. Bg6 Ke3 58. Be8 Kd3 59. Bh5 Kc3 60. Kh1
Kxb3 61. Kg2 Kc3 62. Kh1 Kd3 63. Kg2 Ke3 64. Kh1 Kf2 65. Bf7 Kg3 66. Be8 Kg4
67. Kg2 Kf5 68. Bb5 Kf6 69. Kh1 Ke7 70. Kg2 Kd8 1/2-1/2

[Event "CAN op"]
[Site "Hamilton CAN"]
[Date "2022.07.16"]
[Round "8.24"]
[White "Kim, Noah"]
[Black "Doknjas, Neil"]
[Result "0-1"]
[WhiteElo "2000"]
[BlackElo "2262"]
[PlyCount "82"]
[EventDate "2022.07.12"]
[EventType "swiss"]
[EventRounds "9"]
[EventCountry "CAN"]

1. d4 Nf6 2. c4 e6 3. Nf3 d5 4. Nc3 dxc4 5. Qa4+ c6 6. Qxc4 b5 7. Qd3 Ba6 8.
Qc2 b4 9. Na4 Qd5 10. Bg5 Ne4 11. Bf4 Nd7 12. Rc1 Rc8 13. Qb3 Qa5 14. e3 Bxf1
15. Kxf1 g5 16. Qd3 gxf4 17. Qxe4 Qxa4 18. Qxf4 Qb5+ 19. Kg1 Rg8 20. g3 Qh5 21.
Nd2 Qg4 22. Qxg4 Rxg4 23. Kf1 Kd8 24. Ke2 c5 25. dxc5 Rxc5 26. f3 Rg6 27. Ne4
Rxc1 28. Rxc1 f5 29. Nf2 e5 30. Nd3 Ra6 31. Rd1 Ke8 32. Nc1 Ke7 33. Rd2 Ke6 34.
h3 Nf6 35. g4 fxg4 36. hxg4 e4 37. g5 exf3+ 38. Kxf3 Nd7 39. Ke4 Be7 40. Rh2
Bxg5 41. Rxh7 Nf6+ 0-1

[Event "CAN op"]
[Site "Hamilton CAN"]
[Date "2022.07.16"]
[Round "8.25"]
[White "Su, Ethan"]
[Black "Saha, Ananda"]
[Result "1/2-1/2"]
[WhiteElo "1987"]
[BlackElo "2240"]
[PlyCount "137"]
[EventDate "2022.07.12"]
[EventType "swiss"]
[EventRounds "9"]
[EventCountry "CAN"]

1. d4 e6 2. c4 Bb4+ 3. Bd2 a5 4. Nf3 Nf6 5. a3 Bxd2+ 6. Qxd2 d6 7. Nc3 Nbd7 8.
g3 O-O 9. Bg2 Re8 10. e4 e5 11. O-O c6 12. dxe5 dxe5 13. b4 Qe7 14. Rab1 Nb6
15. Qe2 axb4 16. axb4 Bg4 17. h3 Bxf3 18. Bxf3 Red8 19. c5 Nbd7 20. Qc2 Nf8 21.
Bg2 Ne6 22. Ra1 Nd4 23. Qb2 h5 24. Na4 h4 25. g4 g5 26. Nb6 Rxa1 27. Rxa1 Ne8
28. Ra7 Ng7 29. Nc4 Nge6 30. Nd6 Rd7 31. Bf1 Nf4 32. Qa3 Qf6 33. Rxb7 Rxb7 34.
Qa8+ Kh7 35. Qxb7 Kg6 36. Nf5 Nf3+ 37. Kh1 Nd2 38. Bg2 Kh7 39. Qe7 Kg6 40. Qd6
Qxd6 41. Nxd6 Kf6 42. b5 cxb5 43. c6 Ne6 44. Nxb5 Nc4 45. Bf1 Nb6 46. Nc3 Nc7
47. Bg2 Ke6 48. Nd5 Nba8 49. Bf1 Kd6 50. Bc4 Kxc6 51. Nf6 Kc5 52. Bxf7 Kd4 53.
Bg6 Ne6 54. Nh7 Kd3 55. Bf5 Nac7 56. Kg1 Ke2 57. Bg6 Ke1 58. Bf5 Ke2 59. Bxe6
Nxe6 60. Kg2 Nf4+ 61. Kh2 Kxf2 62. Nxg5 Ke3 63. Kg1 Ke2 64. Nf7 Nxh3+ 65. Kh2
Nf2 66. Nxe5 Nxe4 67. Kh3 Nf2+ 68. Kxh4 Nxg4 69. Nxg4 1/2-1/2

[Event "CAN op"]
[Site "Hamilton CAN"]
[Date "2022.07.16"]
[Round "8.26"]
[White "Huang, Youhe"]
[Black "Chen, Rachel Ruoxuan"]
[Result "1-0"]
[WhiteElo "2237"]
[BlackElo "1988"]
[PlyCount "57"]
[EventDate "2022.07.12"]
[EventType "swiss"]
[EventRounds "9"]
[EventCountry "CAN"]

1. e4 e5 2. Nf3 Nc6 3. Bb5 Nf6 4. d3 Bc5 5. Bxc6 dxc6 6. Nbd2 Nd7 7. Qe2 Qe7 8.
Nb3 Bd6 9. Na5 h6 10. O-O O-O 11. Nc4 Nb6 12. Nfd2 a5 13. a4 Be6 14. Nxd6 cxd6
15. b3 f5 16. f4 fxe4 17. Nxe4 exf4 18. Bxf4 Rad8 19. Bd2 Ra8 20. Rxf8+ Qxf8
21. Rf1 Qe7 22. Qf2 Nd5 23. Qg3 Kh8 24. c4 Nb4 25. Bc3 d5 26. Rf6 dxe4 27.
Rxh6+ Kg8 28. Rxe6 Qc5+ 29. Kh1 1-0

[Event "CAN op"]
[Site "Hamilton CAN"]
[Date "2022.07.16"]
[Round "8.27"]
[White "Bluvshtein, Ilia"]
[Black "Chen, Richard"]
[Result "0-1"]
[WhiteElo "2220"]
[BlackElo "1955"]
[PlyCount "64"]
[EventDate "2022.07.12"]
[EventType "swiss"]
[EventRounds "9"]
[EventCountry "CAN"]

1. e4 e5 2. Nf3 Nc6 3. d4 exd4 4. Nxd4 Nf6 5. Nc3 Bc5 6. Nb3 Bb4 7. Bd3 d5 8.
exd5 Nxd5 9. O-O Nxc3 10. Qe1+ Be6 11. bxc3 Bd6 12. Qe4 Qd7 13. Nd4 Nxd4 14.
cxd4 Qc6 15. Rb1 O-O-O 16. Qxc6 bxc6 17. c4 Kd7 18. Be3 Rb8 19. Rb3 Rxb3 20.
axb3 Rb8 21. Bc2 Bb4 22. Ra1 a5 23. Rd1 g6 24. f3 h5 25. Kf2 Bc3 26. h3 Bf5 27.
Bxf5+ gxf5 28. d5 Rxb3 29. dxc6+ Kxc6 30. Bd4 a4 31. Ke3 Bb2+ 32. Kf4 a3 0-1

[Event "CAN op"]
[Site "Hamilton CAN"]
[Date "2022.07.16"]
[Round "8.28"]
[White "Hasku, Dashnor"]
[Black "Manley, Jason"]
[Result "1-0"]
[WhiteElo "1963"]
[BlackElo "2210"]
[PlyCount "79"]
[EventDate "2022.07.12"]
[EventType "swiss"]
[EventRounds "9"]
[EventCountry "CAN"]

1. e4 e6 2. Nc3 d5 3. d3 d4 4. Nce2 c5 5. f4 Nc6 6. Nf3 b6 7. g3 Bb7 8. Bg2 Qc7
9. O-O O-O-O 10. c3 dxc3 11. bxc3 Ba6 12. Ne1 Bxd3 13. Nxd3 c4 14. Nd4 Nxd4 15.
cxd4 Rxd4 16. Qa4 cxd3 17. Qxd4 Bc5 18. Be3 Bxd4 19. Bxd4 d2 20. Bxg7 Nf6 21.
Bxh8 Qc5+ 22. Kh1 Ng4 23. Bf3 Ne3 24. Rg1 Nc2 25. Rab1 Qa3 26. Rb3 Qxa2 27.
Rc3+ Kb7 28. Rd1 Ne1 29. Be2 Qa4 30. Rc4 Qa2 31. Bc3 Nf3 32. Kg2 b5 33. Rc5 Qa3
34. Rxb5+ Kc6 35. Bb4 Ne1+ 36. Kf1 Qe3 37. Rxd2 Nf3 38. Rc2+ Kd7 39. Rb7+ Kd8
40. Be7+ 1-0

[Event "CAN op"]
[Site "Hamilton CAN"]
[Date "2022.07.16"]
[Round "8.29"]
[White "Hossain, Azher"]
[Black "Bailey, Doug"]
[Result "0-1"]
[WhiteElo "1424"]
[BlackElo "2165"]
[PlyCount "96"]
[EventDate "2022.07.12"]
[EventType "swiss"]
[EventRounds "9"]
[EventCountry "CAN"]

1. d4 Nf6 2. c4 g6 3. Nf3 Bg7 4. g3 d5 5. cxd5 Nxd5 6. Bg2 c5 7. e4 Nc7 8. d5
Nb5 9. O-O O-O 10. Qc2 Na6 11. a4 Nd4 12. Nxd4 cxd4 13. Na3 e6 14. Nb5 exd5 15.
exd5 Bf5 16. Qd2 Qb6 17. Rd1 Rfe8 18. h3 d3 19. Qf4 Be5 20. Qh4 Nc5 21. Be3
Bxb2 22. Ra2 Bf6 23. Qc4 Rxe3 24. fxe3 Rc8 25. Qf4 Re8 26. Nd4 Be5 27. Qh4 Bd7
28. Nf3 Bg7 29. Qf4 h6 30. Nd2 g5 31. Qf3 Qg6 32. Rc1 g4 33. hxg4 Bxg4 34. Qf4
b6 35. Nc4 Be2 36. Bf3 d2 37. Rxd2 Nd3 38. Rxd3 Bxd3 39. d6 Qe6 40. Nd2 Be5 41.
Qg4+ Qxg4 42. Bxg4 Bxd6 43. Kf2 Bc5 44. Re1 Bb4 45. Rd1 Bc2 46. Rc1 Bxa4 47.
Rc4 Bxd2 48. Rxa4 Bxe3+ 0-1

[Event "CAN op"]
[Site "Hamilton CAN"]
[Date "2022.07.16"]
[Round "8.30"]
[White "Katrib, Jordan"]
[Black "Yang, Jingyun (Ryan)"]
[Result "0-1"]
[WhiteElo "1344"]
[BlackElo "2141"]
[PlyCount "106"]
[EventDate "2022.07.12"]
[EventType "swiss"]
[EventRounds "9"]
[EventCountry "CAN"]

1. e4 c5 2. d4 cxd4 3. c3 Nc6 4. cxd4 d5 5. Nc3 dxe4 6. d5 Ne5 7. Qa4+ Bd7 8.
Qxe4 Ng6 9. Bc4 Nf6 10. Qd4 e5 11. dxe6 Bxe6 12. Qxd8+ Rxd8 13. Bxe6 fxe6 14.
Be3 a6 15. Nf3 Bb4 16. Rc1 Nd5 17. Bd4 Ndf4 18. Kf1 O-O 19. Be3 Nd3 20. Rb1
Bxc3 21. bxc3 b5 22. Nd4 Rde8 23. g3 e5 24. Nb3 Rc8 25. Ke2 Rxc3 26. Bd2 Rxf2+
27. Ke3 Rxd2 28. Kxd2 b4 29. Rhe1 Nxe1 30. Rxe1 Kf7 31. Re4 a5 32. Nxa5 Ra3 33.
Nc6 Rxa2+ 34. Ke3 b3 35. Nxe5+ Nxe5 36. Rxe5 Rxh2 37. Rb5 b2 38. Rb6 g6 39. Kf3
Ke7 40. Kf4 Kd7 41. Ke4 Kc7 42. Rb3 Kc6 43. Kd4 Rd2+ 44. Ke3 Rg2 45. Kd4 h5 46.
Rc3+ Kb5 47. Rb3+ Ka4 48. Rb8 Ka3 49. Ra8+ Kb3 50. Rb8+ Kc2 51. Rc8+ Kd1 52.
Rb8 Kc1 53. Rc8+ Rc2 0-1

[Event "CAN op"]
[Site "Hamilton CAN"]
[Date "2022.07.16"]
[Round "8.31"]
[White "Kaye, Olya"]
[Black "Preotu, Razvan"]
[Result "0-1"]
[WhiteElo "1854"]
[BlackElo "2608"]
[PlyCount "74"]
[EventDate "2022.07.12"]
[EventType "swiss"]
[EventRounds "9"]
[EventCountry "CAN"]

1. c4 g6 2. g3 c5 3. Bg2 Bg7 4. Nc3 Nc6 5. d3 e6 6. e4 Nge7 7. Nge2 O-O 8. O-O
d6 9. Rb1 Bd7 10. a3 Nd4 11. b4 b6 12. b5 Qc7 13. f4 Rad8 14. h3 Bc8 15. Bb2 d5
16. Qe1 dxc4 17. dxc4 Nb3 18. Rd1 Na5 19. Na4 Rxd1 20. Qxd1 Nxc4 21. Bxg7 Kxg7
22. Qc1 Nd6 23. Nac3 Rd8 24. Rd1 Nc4 25. a4 Bb7 26. h4 h5 27. Kh2 Kg8 28. Ng1
Rxd1 29. Qxd1 Ne3 30. Qe2 Nxg2 31. Qxg2 Qd7 32. Nge2 Qd3 33. g4 hxg4 34. Qxg4
Bxe4 35. Qg5 Nf5 36. h5 Qf3 37. Ng3 Qg2# 0-1